Plan Nacional de Juventud
Reseña del Plan Nacional de Juventud, dado a conocer por el gobierno de Guatemala, bajo el lema íAfiáncemos nuestro futuro! Se plantea que el Plan se ha decidido poner en práctica para abordar y enfrentar la multiplicidad de problemas que afectan a la juventud guatemalteca, procurando que esta misma...
Guardat en:
| Format: | Text |
|---|---|
| Matèries: | |
| Etiquetes: |
Afegir etiqueta
Sense etiquetes, Sigues el primer a etiquetar aquest registre!
|
MARC
| LEADER | 00000 a a2200000 04500 | ||
|---|---|---|---|
| 001 | 6924 | ||
| 003 | |||
| 040 | |||
| 245 | |a Plan Nacional de Juventud | ||
| 520 | |a Reseña del Plan Nacional de Juventud, dado a conocer por el gobierno de Guatemala, bajo el lema íAfiáncemos nuestro futuro! Se plantea que el Plan se ha decidido poner en práctica para abordar y enfrentar la multiplicidad de problemas que afectan a la juventud guatemalteca, procurando que esta misma población intervenga en el proceso de creación de mejores condiciones de vida para su desarrollo individual y social, y que a la vez contribuya con el conjunto de la nación |a y, además, ayude con la consolidación y perfeccionamiento del modelo de vida democrático en los diferentes planos: político, social, económico y cultural. Resalta que los jóvenes representan el treinta por ciento (30%) de la población del país. También se tratan los siguientes tópicos: los organismos gubernamentales encargados de su ejecución y los programas que contemplan, a saber: de promoción y fomento de los servicios juveny, además, ayude con la consolidación y perfeccionamiento del modelo de vida democrático en los diferentes planos: político, social, económico y cultural. Resalta que los jóvenes representan el treinta por ciento (30%) de la población del país. También se tratan los siguientes tópicos: los organismos gubernamentales encargados de su ejecución y los programas que contemplan, a saber: de promoción y fomento de los servicios juveniles, de mejoramiento de la situación del empleo juvenil, de utilización constructiva del tiempo liber de los jóvenes, de servicio voluntario juvenil, de capacitación juvenil y de investigación sobre la juventud. EB/EB | ||
| 650 | |a JUVENTUD | ||
| 650 | |a PLANES NACIONALES | ||
| 650 | |a CONDICIONES DE VIDA | ||
| 650 | |a PARTICIPACION SOCIAL | ||
| 650 | |a ORGANIZACIONES JUVENILES | ||
| 650 | |a MARCO INSTITUCIONAL | ||
| 650 | |a OCIO | ||
| 650 | |a EMPLEO | ||
| 650 | |a DESEMPLEO JUVENIL | ||
| 773 | |g número 11; páginas 12-13 | ||
| 999 | |c 28887 |d 28887 | ||
